Sub-regional planning studies: (Record no. 9630)

MARC details
000 -LEADER
fixed length control field 01183cam a2200373 4500
001 - CONTROL NUMBER
control field 3140898
003 - CONTROL NUMBER IDENTIFIER
control field OSt
005 - DATE AND TIME OF LATEST TRANSACTION
control field 20260506082518.0
008 - FIXED-LENGTH DATA ELEMENTS--GENERAL INFORMATION
fixed length control field 730315s1973 enka b 001 0 eng
010 ## - LIBRARY OF CONGRESS CONTROL NUMBER
LC control number 73004476
020 ## - INTERNATIONAL STANDARD BOOK NUMBER
International Standard Book Number 0080170196
020 ## - INTERNATIONAL STANDARD BOOK NUMBER
International Standard Book Number 9780080170190
035 ## - SYSTEM CONTROL NUMBER
System control number 3140898
040 ## - CATALOGING SOURCE
Original cataloging agency DLC
Transcribing agency DLC
Modifying agency DLC
043 ## - GEOGRAPHIC AREA CODE
Geographic area code e-uk---
050 00 - LIBRARY OF CONGRESS CALL NUMBER
Classification number HT395.G7
Item number C68
082 00 - DEWEY DECIMAL CLASSIFICATION NUMBER
Classification number 309.25 COW
100 1# - MAIN ENTRY--PERSONAL NAME
Personal name Cowling, T. M.
245 10 - TITLE STATEMENT
Title Sub-regional planning studies:
Remainder of title an evaluation,
Statement of responsibility, etc. by T. M. Cowling and G. C. Steeley.
250 ## - EDITION STATEMENT
Edition statement [1st ed.]
260 ## - PUBLICATION, DISTRIBUTION, ETC. (IMPRINT)
Place of publication, distribution, etc. Oxford,
-- New York,
Name of publisher, distributor, etc. Pergamon Press
Date of publication, distribution, etc. [1973]
300 ## - PHYSICAL DESCRIPTION
Extent xii, 202 p.
Other physical details illus.
Dimensions 22 cm.
336 ## - CONTENT TYPE
Content type term text
Content type code txt
Source rdacontent
337 ## - MEDIA TYPE
Media type term unmediated
Media type code n
Source rdamedia
338 ## - CARRIER TYPE
Carrier type term volume
Carrier type code nc
Source rdacarrier
440 #0 - SERIES STATEMENT/ADDED ENTRY--TITLE
Title Urban and regional planning series,
Volume/sequential designation v. 6
504 ## - BIBLIOGRAPHY, ETC. NOTE
Bibliography, etc Includes bibliographical references.
650 #0 - SUBJECT ADDED ENTRY--TOPICAL TERM
Topical term or geographic name as entry element Regional planning
Geographic subdivision Great Britain.
650 #0 - SUBJECT ADDED ENTRY--TOPICAL TERM
Topical term or geographic name as entry element Regional planning
General subdivision Case studies.
700 1# - ADDED ENTRY--PERSONAL NAME
Personal name Steeley, G. C.,
Relator term joint author.
906 ## - LOCAL DATA ELEMENT F, LDF (RLIN)
a 7
b cbc
c orignew
d 1
e ocip
f 19
g y-gencatlg
942 ## - ADDED ENTRY ELEMENTS (KOHA)
Source of classification or shelving scheme Dewey Decimal Classification
Koha item type BOOKS
Holdings
Withdrawn status Lost status Source of classification or shelving scheme Damaged status Not for loan Home library Current library Shelving location Date acquired Total Checkouts Full call number Barcode Date last seen Price effective from Koha item type
    Dewey Decimal Classification     Dodoma Dodoma Ground Floor 06/05/2026   309.25 COW LIB000528 06/05/2026 06/05/2026 BOOKS
    Dewey Decimal Classification     Dodoma Dodoma Ground Floor 06/05/2026   309.25 COW LIB003757 06/05/2026 06/05/2026 BOOKS

IRDP © 2021 :: Managed by ICT Team